000 00577nam a2200229Ia 4500
003 OSt
005 20221005131824.0
006 a|||||r|||| 00| 0
007 ta
008 221004b |||||||| |||| 00| 0 mal d
024 _a58275
037 _cTextual
040 _aCRL
_cCRL
_bmal
041 _2mal
_amal
082 _aO32,6M93x, J7
100 _aSharma Hari Au.
_9634287
245 0 _aSuvarna rasmikal
260 _c1957
650 _aMALAYALAM PROSE
_9187524
942 _hO32,6M93x, J7
_cTEXL
_2cc
999 _c1061521
_d1061521